[Event "BLR-ch sf"]
[Site "Minsk"]
[Date "2023.12.15"]
[Round "9"]
[White "Yarotski, Aliaksei"]
[Black "Tashtimirov, Farid"]
[Result "1/2-1/2"]
[WhiteElo "1250"]
[BlackElo "1523"]
[PlyCount "62"]
[EventDate "2023.12.07"]
[EventType "swiss"]
[EventRounds "9"]
[EventCountry "BLR"]
[SourceTitle "CBM 217 Extra"]
[Source "ChessBase"]
[SourceDate "2024.01.31"]
[SourceVersion "1"]
[SourceVersionDate "2024.01.31"]
[SourceQuality "1"]

1. d4 d5 2. Nf3 Nf6 3. Bf4 e6 4. e3 Bd6 5. Nbd2 0-0 6. Bd3 c5 7. c3 Nc6 8. 0-0 Qc7 9. Bxd6 Qxd6 10. Qe2 e5 11. dxe5 Nxe5 12. Nxe5 Qxe5 13. e4 dxe4 14. Nxe4 Nxe4 15. Qxe4 Qxe4 16. Bxe4 Be6 17. b3 Rab8 18. Rfd1 b6 19. Rd2 Rfd8 20. Rad1 Rxd2 21. Rxd2 Kf8 22. f4 g6 23. Kf2 Ke7 24. h3 f5 25. Bf3 Rd8 26. Rxd8 Kxd8 27. Kg3 Ke7 28. Kh4 Kf6 29. c4 h6 30. g4 g5+ 31. Kg3 Kg6 1/2-1/2

[Event "BLR-ch sf"]
[Site "Minsk"]
[Date "2023.12.11"]
[Round "5"]
[White "Makarychev, Artem1"]
[Black "Tashtimirov, Farid"]
[Result "1/2-1/2"]
[WhiteElo "1205"]
[BlackElo "1523"]
[PlyCount "35"]
[EventDate "2023.12.07"]
[EventType "swiss"]
[EventRounds "9"]
[EventCountry "BLR"]
[SourceTitle "CBM 217 Extra"]
[Source "ChessBase"]
[SourceDate "2024.01.31"]
[SourceVersion "1"]
[SourceVersionDate "2024.01.31"]
[SourceQuality "1"]

1. e4 e6 2. d4 d5 3. e5 c5 4. c3 Nc6 5. Nf3 Qb6 6. Be2 Nge7 7. Na3 Ng6 8. Nc2 Be7 9. Bd2 Qxb2 10. Rb1 Qxa2 11. Ra1 Qb2 12. Rb1 Qa2 13. Ra1 Qb2 14. Rb1 Qa2 15. Ra1 Qb3 16. Rb1 Qa4 17. Ra1 Qb3 18. Rb1 1/2-1/2